000 01514nam0a2200349 4500
001 RU\NLR\BIBL_A\022646385
005 20260420055015.0
010 _a978-5-04-206159-2
_93000
021 _aRU
_bКН-П-25-052811
_9КН-П-25-5094
035 _a(NLR Aleph) 022646385
090 _a13685552
_c13685552
100 _a20251017d2025 e y0rusy50 ca
101 0 _arus
102 _aRU
105 _aa g 000zy
181 0 _ai
_baxxe
182 0 _an
200 1 _aЛитература
_e[5-9 классы]
_eсправочник с теорией, заданиями и ответами
_fЕ. А. Маханова
203 _aТекст
_bвизуальный
_cнепосредственный
210 _aМосква
_cЭксмо
_d2025
215 _a158, [1] с.
_cил., табл.
_d26
225 1 _aПодготовка к ОГЭ и ВПР
300 _aНа обороте тит. с. в макете серия: Подготовка к ОГЭ и ВПР: справочник с теорией, заданиями и ответами
300 _aНа обл.: Стартуй к успеху!
333 _a6+
606 1 _aРусская литература
_jУчебные издания для средней школы
_91032583
_3RU\NLR\AUTH\6678541
686 1 _aШ5(2=Р)я721-1
700 1 _aМаханова
_bЕ. А.
_gЕлена Александровна
942 _cBOOK
980 _aNB